[Event "COL-ch sf (Women)"]
[Site "Pereira"]
[Date "2024.03.28"]
[Round "2"]
[White "Pinillo Canon, Silvana"]
[Black "Rivera, Ingris"]
[Result "0-1"]
[WhiteElo "1927"]
[BlackElo "2142"]
[PlyCount "76"]
[EventDate "2024.03.27"]
[EventType "swiss"]
[EventRounds "9"]
[EventCountry "COL"]
[SourceTitle "CB14_2024"]
[SourceDate "2024.04.01"]
[SourceVersion "1"]
[SourceVersionDate "2024.04.01"]
[SourceQuality "1"]

1. e4 c5 2. Nf3 Nf6 3. Nc3 d6 4. d4 cxd4 5. Nxd4 a6 6. a4 e6 7. Be2 Be7 8. 0-0 0-0 9. Be3 b6 10. f4 Bb7 11. Bf3 Qc7 12. Qe2 Nbd7 13. Bf2 Rac8 14. h3 Rfd8 15. e5 Ne8 16. Rae1 Nf8 17. Bxb7 Qxb7 18. Qg4 Ng6 19. Nf3 Rc4 20. Bg3 dxe5 21. Nxe5 Rd2 22. Nf3 Rxc2 23. Rxe6 Bc5+ 24. Kh1 fxe6 25. Qxe6+ Qf7 26. Qxf7+ Kxf7 27. f5 Rxb2 28. fxg6+ Kg8 29. gxh7+ Kxh7 30. Be5 Rc2 31. Nd5 Rc1 32. Rxc1 Rxc1+ 33. Kh2 Rd1 34. Nc3 Ra1 35. Ng5+ Kg6 36. Nge4 Nf6 37. Nd2 Re1 38. Nc4 Ne4 0-1

[Event "COL-chT (Women)"]
[Site "Risaralda"]
[Date "2023.11.22"]
[Round "6.2"]
[White "Pinillo Canon, Silvana"]
[Black "Rivera, Ingris"]
[Result "1/2-1/2"]
[WhiteElo "1847"]
[BlackElo "2146"]
[PlyCount "108"]
[EventDate "2023.11.19"]
[EventType "team-swiss"]
[EventRounds "7"]
[EventCountry "COL"]
[SourceTitle "CB49_2023"]
[SourceDate "2023.12.06"]
[SourceVersion "1"]
[SourceVersionDate "2023.12.06"]
[SourceQuality "1"]
[WhiteTeam "Risaralda (W)"]
[BlackTeam "Bolivar (W)"]
[WhiteTeamCountry "COL"]
[BlackTeamCountry "COL"]

1. e4 c5 2. Nf3 d6 3. Bb5+ Bd7 4. c4 Nf6 5. Nc3 a6 6. Bxd7+ Nbxd7 7. d4 cxd4 8. Qxd4 g6 9. 0-0 Bg7 10. Bd2 0-0 11. Qe3 b5 12. cxb5 axb5 13. a3 Nc5 14. Rad1 Rb8 15. b4 Ne6 16. h3 Nd7 17. Nd5 Ra8 18. Bc1 Re8 19. Qe2 Qb8 20. Bb2 Bxb2 21. Qxb2 Nb6 22. Nxb6 Qxb6 23. e5 Red8 24. Rfe1 Nf4 25. Qd4 Qxd4 26. Rxd4 Ne6 27. Rd5 Rxa3 28. Rxb5 Rxf3 29. gxf3 Nd4 30. Rb7 Nxf3+ 31. Kf1 Nxe1 32. Kxe1 dxe5 33. Rxe7 Rb8 34. Rxe5 Rxb4 35. Kf1 Kg7 36. Kg2 Kf6 37. Ra5 Rf4 38. Kg3 Rf5 39. Ra1 Kg5 40. Ra4 h5 41. Rb4 Rd5 42. Ra4 Rd3+ 43. Kg2 f5 44. Ra6 f4 45. h4+ Kxh4 46. Rxg6 f3+ 47. Kh2 Rd2 48. Kg1 Rd4 49. Kh1 Rd2 50. Kg1 Rd5 51. Kh2 Rd2 52. Kg1 Rd1+ 53. Kh2 Rf1 54. Rg4+ Kxg4 1/2-1/2

[Event "South America-ch (Women)"]
[Site "Lima"]
[Date "2023.09.16"]
[Round "3"]
[White "Pinillo Canon, Silvana"]
[Black "Contreras Huaman, Fiorella Daiana"]
[Result "0-1"]
[WhiteElo "1882"]
[BlackElo "1881"]
[PlyCount "50"]
[EventDate "2023.09.14"]
[EventType "swiss"]
[EventRounds "9"]
[EventCountry "PER"]
[SourceTitle "EXT 2024"]
[Source "ChessBase"]
[SourceDate "2023.10.10"]
[SourceVersion "1"]
[SourceVersionDate "2023.10.10"]
[SourceQuality "1"]

1. e4 c6 2. d4 d5 3. Nc3 dxe4 4. Nxe4 Nf6 5. Nxf6+ exf6 6. c3 Bd6 7. Bd3 0-0 8. Qc2 Re8+ 9. Ne2 h5 10. Be3 Nd7 11. 0-0-0 b5 12. d5 c5 13. Bxb5 Rb8 14. c4 a6 15. Ba4 Re5 16. b3 Nb6 17. Nc3 Bf5 18. Qd2 Nxc4 19. bxc4 Qa5 20. Bb5 axb5 21. Nxb5 Qa4 22. Qc3 Qxa2 23. Rd3 Rxb5 24. cxb5 c4 25. Rd4 Bb4 0-1

[Event "Pereira Fiestas de la Cosecha op"]
[Site "Pereira"]
[Date "2023.08.27"]
[Round "7"]
[White "Pinillo Canon, Silvana"]
[Black "Hurtado Sarmiento, Juan Sebastian"]
[Result "1-0"]
[WhiteElo "1806"]
[BlackElo "1959"]
[PlyCount "129"]
[EventDate "2023.08.24"]
[EventType "swiss"]
[EventRounds "7"]
[EventCountry "COL"]
[SourceTitle "EXT 2024"]
[Source "ChessBase"]
[SourceDate "2023.10.10"]
[SourceVersion "1"]
[SourceVersionDate "2023.10.10"]
[SourceQuality "1"]

1. e4 e5 2. Nf3 Nc6 3. Bb5 g6 4. c3 Bg7 5. 0-0 Nge7 6. Re1 a6 7. Ba4 b5 8. Bb3 d6 9. h3 0-0 10. d4 exd4 11. cxd4 Na5 12. Bc2 c5 13. Nc3 Nec6 14. Ne2 Re8 15. a3 Bb7 16. d5 Ne5 17. Nxe5 Bxe5 18. Rb1 Nc4 19. b3 Nb6 20. Be3 a5 21. Bd3 Ba6 22. Qd2 b4 23. a4 Qc8 24. Rec1 Qb7 25. Bxa6 Qxa6 26. Rc2 Ra7 27. Rbc1 Rc7 28. g3 Bg7 29. f3 Rce7 30. Nf4 Rc7 31. Kg2 Rec8 32. Qd3 Qxd3 33. Nxd3 Bc3 34. Nb2 Re7 35. Bf4 Be5 36. Bxe5 Rxe5 37. Kf2 Re7 38. Nc4 Nxc4 39. Rxc4 Rce8 40. Re1 f5 41. Re3 Kg7 42. Ke2 g5 43. Kd3 Re5 44. Rc1 fxe4+ 45. fxe4 Rf8 46. Ke2 h5 47. Re1 Kg6 48. Rh1 Rc8 49. Rc1 g4 50. hxg4 hxg4 51. Kd3 Rce8 52. Rf1 R8e7 53. Rf4 Kg5 54. Kc4 Rb7 55. Rf8 Ree7 56. Rg8+ Rg7 57. Rxg7+ Rxg7 58. e5 dxe5 59. Rxe5+ Kf6 60. Re6+ Kf5 61. Kxc5 Rc7+ 62. Rc6 Re7 63. d6 Re5+ 64. Kb6 Rd5 65. Kc7 1-0

[Event "Pereira Fiestas de la Cosecha op"]
[Site "Pereira"]
[Date "2023.08.26"]
[Round "4"]
[White "Lopez Ramirez, David Santiago"]
[Black "Pinillo Canon, Silvana"]
[Result "0-1"]
[WhiteElo "2125"]
[BlackElo "1806"]
[PlyCount "92"]
[EventDate "2023.08.24"]
[EventType "swiss"]
[EventRounds "7"]
[EventCountry "COL"]
[SourceTitle "EXT 2024"]
[Source "ChessBase"]
[SourceDate "2023.10.10"]
[SourceVersion "1"]
[SourceVersionDate "2023.10.10"]
[SourceQuality "1"]

1. e4 e5 2. Nf3 Nc6 3. Bb5 a6 4. Ba4 Nf6 5. 0-0 Be7 6. Re1 b5 7. Bb3 d6 8. c3 0-0 9. h3 Bb7 10. d4 h6 11. Nbd2 Re8 12. a3 Bf8 13. Bc2 Nb8 14. b3 Nbd7 15. Bb2 c5 16. d5 a5 17. Bd3 Ba6 18. a4 b4 19. Bxa6 Rxa6 20. Nc4 Nb6 21. Nxb6 Qxb6 22. Nd2 Nd7 23. Rc1 Be7 24. Nc4 Qa7 25. g3 Nb6 26. cxb4 Nxc4 27. Rxc4 axb4 28. h4 Qd7 29. Qh5 Bf6 30. Kh2 Qe7 31. Rc2 Kh7 32. Qg4 Ra7 33. Kg2 Qd7 34. Qe2 g6 35. f4 Qe7 36. f5 gxf5 37. Bc1 Rg8 38. Kh3 f4 39. gxf4 Bxh4 40. Rf1 Rg3+ 41. Kh2 Rxb3 42. fxe5 Bg3+ 43. Kg2 Qxe5 44. Rf5 Qg7 45. Kf1 Qg6 46. Rh5 Rb1 0-1

[Event "Pereira Fiestas de la Cosecha op"]
[Site "Pereira"]
[Date "2023.08.26"]
[Round "5"]
[White "Pinillo Canon, Silvana"]
[Black "Quiros, Juan Pablo"]
[Result "1-0"]
[WhiteElo "1806"]
[BlackElo "1945"]
[PlyCount "65"]
[EventDate "2023.08.24"]
[EventType "swiss"]
[EventRounds "7"]
[EventCountry "COL"]
[SourceTitle "EXT 2024"]
[Source "ChessBase"]
[SourceDate "2023.10.10"]
[SourceVersion "1"]
[SourceVersionDate "2023.10.10"]
[SourceQuality "1"]

1. e4 c6 2. d4 d6 3. f4 g6 4. Nf3 Bg7 5. Nc3 Nf6 6. Bd3 0-0 7. 0-0 Nbd7 8. e5 Ne8 9. Ne4 Nb6 10. c3 Qc7 11. Qe2 c5 12. Be3 c4 13. Bc2 Nd5 14. Bd2 Rb8 15. Ng3 f5 16. h4 b5 17. h5 Bh6 18. Nh4 Kg7 19. hxg6 hxg6 20. Nxg6 Kxg6 21. Qh5+ Kg7 22. Bxf5 Bxf5 23. Nxf5+ Rxf5 24. Qxf5 Qc8 25. Qh5 Nec7 26. Rf3 Qe8 27. Rg3+ Kh7 28. Qh3 dxe5 29. fxe5 Rb6 30. Rf1 Re6 31. Rf6 Rxf6 32. exf6 Qf8 33. Rg7+ 1-0

[Event "Pereira Fiestas de la Cosecha op"]
[Site "Pereira"]
[Date "2023.08.25"]
[Round "3"]
[White "Pinillo Canon, Silvana"]
[Black "Soto Ramirez, Andres Camilo"]
[Result "1-0"]
[WhiteElo "1806"]
[BlackElo "1395"]
[PlyCount "83"]
[EventDate "2023.08.24"]
[EventType "swiss"]
[EventRounds "7"]
[EventCountry "COL"]
[SourceTitle "EXT 2024"]
[Source "ChessBase"]
[SourceDate "2023.10.10"]
[SourceVersion "1"]
[SourceVersionDate "2023.10.10"]
[SourceQuality "1"]

1. e4 c5 2. Nf3 d6 3. Bb5+ Bd7 4. c4 g6 5. d4 cxd4 6. Qxd4 Nf6 7. Nc3 Nc6 8. Qd3 Bg7 9. 0-0 0-0 10. Rd1 a6 11. Bxc6 Bxc6 12. Be3 Qc7 13. Rac1 Rac8 14. b4 Qb8 15. a4 b6 16. Nd4 Ba8 17. h3 Qb7 18. f3 e6 19. Nde2 Rfd8 20. e5 Ne8 21. Bg5 Rd7 22. Bf4 d5 23. cxd5 exd5 24. Nd4 Nc7 25. b5 axb5 26. axb5 Ne6 27. Nxe6 fxe6 28. Ne2 Rxc1 29. Rxc1 Rc7 30. Ra1 Rc4 31. Qa3 Rc8 32. Qd6 Re8 33. Be3 Qb8 34. Qxb8 Rxb8 35. f4 Bf8 36. Nd4 Bc5 37. Kf2 Re8 38. Nxe6 Rxe6 39. Rxa8+ Kg7 40. Rd8 Bxe3+ 41. Kxe3 Re7 42. Rxd5 1-0

[Event "Rivera Hernandez Memorial"]
[Site "Rivera Huila"]
[Date "2023.07.20"]
[Round "4"]
[White "Ardila, Oscar Humberto"]
[Black "Pinillo Canon, Silvana"]
[Result "1-0"]
[WhiteElo "1958"]
[BlackElo "1777"]
[PlyCount "105"]
[EventDate "2023.07.19"]
[EventType "swiss"]
[EventRounds "10"]
[EventCountry "COL"]
[SourceTitle "CBM 215 Extra"]
[Source "ChessBase"]
[SourceDate "2023.09.30"]
[SourceVersion "1"]
[SourceVersionDate "2023.09.30"]
[SourceQuality "1"]

1. Nf3 Nf6 2. g3 d5 3. Bg2 e6 4. 0-0 Be7 5. d3 0-0 6. Nbd2 c5 7. b3 Nc6 8. Bb2 b6 9. e4 Bb7 10. e5 Nd7 11. Qe2 Rc8 12. Rfe1 Nb4 13. Nf1 d4 14. h4 Re8 15. N1h2 Ba8 16. Ng4 Nf8 17. h5 Nd5 18. a4 a6 19. Qd2 Bc6 20. Kh2 h6 21. Bc1 Nh7 22. Qe2 Rc7 23. Bd2 Bf8 24. Kg1 Ne7 25. Bf4 Nf5 26. Nd2 Bd5 27. Be4 Ng5 28. Bxg5 Qxg5 29. f4 Qd8 30. Qf2 Be7 31. Qf3 Rd7 32. Bxd5 exd5 33. e6 fxe6 34. Rxe6 Rd6 35. Rxd6 Qxd6 36. Re1 Rd8 37. Re5 Qd7 38. Nf1 Bf6 39. Re2 Kh7 40. Ne5 Qc8 41. Nf7 Rd7 42. Ne5 Rd8 43. Ng6 Qd7 44. Qg4 Kg8 45. Ne5 Qc8 46. Qg6 Rf8 47. Qg4 Kh7 48. Qf3 Qd8 49. Ng6 Rf7 50. Re6 Ne3 51. Nxe3 dxe3 52. Kg2 d4 53. Qe4 1-0

[Event "Sabaneta op-A 2nd"]
[Site "Sabaneta Antioquia"]
[Date "2023.07.02"]
[Round "7"]
[White "Perez, William"]
[Black "Pinillo Canon, Silvana"]
[Result "1/2-1/2"]
[WhiteElo "1934"]
[BlackElo "1841"]
[PlyCount "96"]
[EventDate "2023.06.28"]
[EventType "swiss"]
[EventRounds "9"]
[EventCountry "COL"]
[SourceTitle "CBM 215 Extra"]
[Source "ChessBase"]
[SourceDate "2023.09.30"]
[SourceVersion "1"]
[SourceVersionDate "2023.09.30"]
[SourceQuality "1"]

1. Nf3 Nf6 2. b3 d5 3. Bb2 Bg4 4. e3 Nbd7 5. d4 e6 6. Be2 Bd6 7. Nbd2 c6 8. 0-0 0-0 9. c4 Re8 10. Ne5 Bxe2 11. Qxe2 Qc7 12. f4 Ne4 13. Nxe4 dxe4 14. c5 Bf8 15. g4 f6 16. Nxd7 Qxd7 17. f5 Rad8 18. Kh1 Qf7 19. Rf4 exf5 20. gxf5 Rd5 21. Qg2 Qh5 22. Raf1 Re7 23. Bc3 Re8 24. Rxe4 Rxe4 25. Qxe4 Rd8 26. Qf3 Qf7 27. Be1 Re8 28. Bg3 Qd7 29. Kg2 b6 30. cxb6 axb6 31. Rc1 c5 32. d5 Bd6 33. e4 Bxg3 34. hxg3 Re5 35. a4 Qe7 36. Rc4 g6 37. Qg4 Kf7 38. fxg6+ hxg6 39. b4 Rg5 40. Qf4 Re5 41. bxc5 bxc5 42. g4 Kg7 43. Kf3 Qb7 44. Qe3 Qb1 45. Rc1 Qb4 46. Rxc5 Qxa4 47. Rc7+ Kg8 48. Qd3 Qa1 1/2-1/2

[Event "Sabaneta op-A 2nd"]
[Site "Sabaneta Antioquia"]
[Date "2023.06.30"]
[Round "4"]
[White "Pinillo Canon, Silvana"]
[Black "Borre Meza, Orlando David"]
[Result "1-0"]
[WhiteElo "1841"]
[BlackElo "1707"]
[PlyCount "55"]
[EventDate "2023.06.28"]
[EventType "swiss"]
[EventRounds "9"]
[EventCountry "COL"]
[SourceTitle "CBM 215 Extra"]
[Source "ChessBase"]
[SourceDate "2023.09.30"]
[SourceVersion "1"]
[SourceVersionDate "2023.09.30"]
[SourceQuality "1"]

1. e4 c5 2. Nf3 d6 3. Bb5+ Bd7 4. c4 Nf6 5. Nc3 a6 6. Bxd7+ Qxd7 7. d4 cxd4 8. Nxd4 Nc6 9. 0-0 g6 10. h3 Nxd4 11. Qxd4 Bg7 12. Be3 0-0 13. Qd3 Qc6 14. Rac1 Rfc8 15. b3 b6 16. Rfd1 Qb7 17. f4 Rd8 18. e5 Nd7 19. Qd5 Qxd5 20. Nxd5 dxe5 21. Nxe7+ Kf8 22. Nd5 Rab8 23. fxe5 Re8 24. Nc7 Rxe5 25. Bf4 Re4 26. Nxa6 Rxf4 27. Rxd7 Rc8 28. Rcd1 1-0

[Event "Sabaneta op-A 2nd"]
[Site "Sabaneta Antioquia"]
[Date "2023.06.30"]
[Round "5"]
[White "Ruiz Aguilar, Pablo Alexander"]
[Black "Pinillo Canon, Silvana"]
[Result "0-1"]
[WhiteElo "2227"]
[BlackElo "1841"]
[PlyCount "60"]
[EventDate "2023.06.28"]
[EventType "swiss"]
[EventRounds "9"]
[EventCountry "COL"]
[SourceTitle "CBM 215 Extra"]
[Source "ChessBase"]
[SourceDate "2023.09.30"]
[SourceVersion "1"]
[SourceVersionDate "2023.09.30"]
[SourceQuality "1"]

1. e4 e5 2. Nf3 Nc6 3. Bb5 a6 4. Ba4 Nf6 5. 0-0 Be7 6. Re1 b5 7. Bb3 0-0 8. a4 Bb7 9. d3 d6 10. Nc3 b4 11. Ne2 a5 12. Ng3 Bc8 13. h3 h6 14. c3 bxc3 15. bxc3 Re8 16. d4 Bf8 17. Nh4 Rb8 18. Ba2 Bd7 19. Nhf5 Bxf5 20. Nxf5 Ne7 21. Nh4 Nc6 22. dxe5 Rxe5 23. Nf5 Nxe4 24. Bd5 Nxc3 25. Nxh6+ gxh6 26. Qg4+ Kh8 27. Bxf7 Rxe1+ 28. Kh2 Bg7 29. Bxh6 Bxh6 30. Rxe1 Ne5 0-1

[Event "COL-chT Blitz (Women)"]
[Site "Santa Marta"]
[Date "2022.11.07"]
[Round "4.4"]
[White "Chirivi Castiblanco, Jenny Astrid"]
[Black "Pinillo Canon, Silvana"]
[Result "1-0"]
[WhiteElo "2007"]
[BlackElo "1765"]
[PlyCount "79"]
[EventDate "2022.11.07"]
[EventType "team-swiss"]
[EventRounds "9"]
[EventCountry "COL"]
[SourceTitle "CBM 211 Extra"]
[Source "ChessBase"]
[SourceDate "2023.01.31"]
[SourceVersion "1"]
[SourceVersionDate "2023.01.31"]
[SourceQuality "1"]
[WhiteTeam "Antioquia (W)"]
[BlackTeam "Risaralda (W)"]
[WhiteTeamCountry "COL"]
[BlackTeamCountry "COL"]

1. d4 d5 2. c4 e6 3. Nc3 Nf6 4. cxd5 exd5 5. Bg5 Be7 6. e3 h6 7. Bh4 0-0 8. Qc2 c6 9. Bd3 Nbd7 10. Nge2 Re8 11. 0-0 Nf8 12. f3 Ne6 13. Rad1 Bd7 14. Kh1 Rc8 15. Qb1 Qc7 16. Bf5 c5 17. Bf2 Red8 18. dxc5 Nxc5 19. Nxd5 Bxf5 20. Nxe7+ Qxe7 21. Qxf5 Ne6 22. Nc3 Qb4 23. Qb5 Qxb5 24. Nxb5 Rxd1 25. Rxd1 Rc2 26. Bh4 Rxb2 27. a4 Ne8 28. Nxa7 Rb4 29. Bg3 Rxa4 30. Nc8 Rc4 31. Ne7+ Kf8 32. Nf5 b5 33. h3 b4 34. Rb1 f6 35. Nd6 Rc3 36. Rxb4 Rxe3 37. Rb8 N6c7 38. Nf5 Kf7 39. Nxe3 Ne6 40. Nd5 1-0

[Event "Pan American-ch U20 Girls"]
[Site "Pereira"]
[Date "2022.08.27"]
[Round "8"]
[White "Acosta Angulo, Mariana Valentina"]
[Black "Pinillo Canon, Silvana"]
[Result "0-1"]
[WhiteElo "1489"]
[BlackElo "1806"]
[PlyCount "68"]
[EventDate "2022.08.23"]
[EventType "swiss"]
[EventRounds "9"]
[EventCountry "COL"]
[SourceTitle "CBM 210 Extra"]
[Source "ChessBase"]
[SourceDate "2022.11.30"]
[SourceVersion "1"]
[SourceVersionDate "2022.11.30"]
[SourceQuality "1"]

1. e4 e5 2. Nf3 Nc6 3. Bc4 Nf6 4. d3 Bc5 5. c3 0-0 6. 0-0 d6 7. h3 a6 8. Bb3 Ba7 9. Re1 Re8 10. Nbd2 Be6 11. Bc2 Ne7 12. Nf1 Ng6 13. Be3 d5 14. Bxa7 Rxa7 15. Qe2 Ra8 16. Rad1 c5 17. Ng3 h6 18. d4 exd4 19. cxd4 Nxe4 20. Nxe4 dxe4 21. Qxe4 cxd4 22. Qxb7 Qf6 23. Nxd4 Reb8 24. Qe4 Bd7 25. b3 Rd8 26. Qf3 Nf4 27. Re4 g5 28. Kh2 Kg7 29. Rde1 Rac8 30. Re5 Bxh3 31. gxh3 Rxd4 32. Bb1 Rd2 33. Qe3 Rcd8 34. Rf5 Qd6 0-1

[Event "Pan American-ch U20 Girls"]
[Site "Pereira"]
[Date "2022.08.26"]
[Round "7"]
[White "Pinillo Canon, Silvana"]
[Black "Lobo Meneses, Natalia"]
[Result "1/2-1/2"]
[WhiteElo "1806"]
[BlackElo "1319"]
[PlyCount "60"]
[EventDate "2022.08.23"]
[EventType "swiss"]
[EventRounds "9"]
[EventCountry "COL"]
[SourceTitle "CBM 210 Extra"]
[Source "ChessBase"]
[SourceDate "2022.11.30"]
[SourceVersion "1"]
[SourceVersionDate "2022.11.30"]
[SourceQuality "1"]

1. e4 e5 2. Nf3 Nc6 3. Bb5 Nf6 4. d3 Bc5 5. 0-0 d6 6. c3 0-0 7. Nbd2 a6 8. Ba4 Ba7 9. Re1 b5 10. Bb3 Be6 11. Bc2 Re8 12. Nf1 h6 13. h3 d5 14. Ng3 dxe4 15. dxe4 Qxd1 16. Rxd1 Rad8 17. Rxd8 Rxd8 18. Nf1 Bc4 19. Bd2 Bd3 20. Bxd3 Rxd3 21. Re1 Nh5 22. Be3 Bxe3 23. Nxe3 Nf6 24. Nf1 g6 25. N1d2 Nd7 26. Nb3 a5 27. Kf1 a4 28. Nbd2 Kg7 29. Ke2 Rd6 30. a3 Nc5 1/2-1/2

[Event "Pan American-ch U20 Girls"]
[Site "Pereira"]
[Date "2022.08.24"]
[Round "4"]
[White "Escobar Villota, Domenika Gabriela"]
[Black "Pinillo Canon, Silvana"]
[Result "0-1"]
[WhiteElo "1520"]
[BlackElo "1806"]
[PlyCount "110"]
[EventDate "2022.08.23"]
[EventType "swiss"]
[EventRounds "9"]
[EventCountry "COL"]
[SourceTitle "CBM 210 Extra"]
[Source "ChessBase"]
[SourceDate "2022.11.30"]
[SourceVersion "1"]
[SourceVersionDate "2022.11.30"]
[SourceQuality "1"]

1. e4 e5 2. Nf3 Nc6 3. Bb5 a6 4. Ba4 Nf6 5. d3 b5 6. Bb3 Be7 7. 0-0 0-0 8. Be3 d6 9. a3 Re8 10. Nc3 Bf8 11. Ng5 Re7 12. Nd5 Rd7 13. Nxf6+ Qxf6 14. Bd5 Bb7 15. Qh5 Qg6 16. Qh3 Re7 17. f4 exf4 18. Rxf4 Nd8 19. Bb3 h6 20. Nf3 Bc8 21. Qh4 Re8 22. Nd4 Be7 23. Qf2 Bg5 24. Rf3 Bxe3 25. Qxe3 c5 26. Ne2 Qg5 27. Qf2 Ra7 28. Rf1 Ree7 29. Nf4 Kh7 30. Nd5 Reb7 31. c3 Ne6 32. d4 Kh8 33. Rg3 Qd8 34. Bc2 Ng5 35. dxc5 dxc5 36. Qxc5 Be6 37. Kh1 Rd7 38. Rd1 Rab7 39. Qd4 Rbc7 40. h4 Rc4 41. Qd3 Nxe4 42. Rf3 Rxd5 43. Qe2 Rxd1+ 44. Bxd1 Bg4 45. Kg1 Bxf3 46. Qxf3 Qb6+ 47. Kh2 Qd6+ 48. Kg1 Qd2 49. Bb3 Qe1+ 50. Kh2 Qxh4+ 51. Kg1 Rc7 52. Bxf7 Qe1+ 53. Kh2 Qg3+ 54. Qxg3 Nxg3 55. Kxg3 Rxf7 0-1

[Event "Pan American-ch U20 Girls"]
[Site "Pereira"]
[Date "2022.08.23"]
[Round "1"]
[White "Mercado Maestre, Maria Angel"]
[Black "Pinillo Canon, Silvana"]
[Result "1/2-1/2"]
[WhiteElo "1310"]
[BlackElo "1806"]
[PlyCount "150"]
[EventDate "2022.08.23"]
[EventType "swiss"]
[EventRounds "9"]
[EventCountry "COL"]
[SourceTitle "CBM 210 Extra"]
[Source "ChessBase"]
[SourceDate "2022.11.30"]
[SourceVersion "1"]
[SourceVersionDate "2022.11.30"]
[SourceQuality "1"]

1. d4 d5 2. c4 e6 3. Nc3 Nf6 4. cxd5 exd5 5. Bg5 Be7 6. e3 0-0 7. Qc2 c6 8. Bd3 Nbd7 9. Nf3 Re8 10. 0-0 Nf8 11. Bxf6 Bxf6 12. b4 Bg4 13. Nd2 Rc8 14. Na4 a5 15. bxa5 Qxa5 16. Nc5 b6 17. Nb7 Qa3 18. Rab1 b5 19. Rb3 Qe7 20. Nc5 g6 21. h3 Bd7 22. Rc3 Ne6 23. Nxd7 Qxd7 24. Rb1 Rc7 25. Nb3 Be7 26. Na5 Rec8 27. Qd2 b4 28. Rc2 c5 29. dxc5 Rxc5 30. Rxc5 Nxc5 31. Nb3 Na4 32. Rc1 Nc3 33. Kh1 Ra8 34. Rc2 Qa4 35. Nc1 Bf6 36. g3 Rd8 37. Ne2 Nb1 38. Qc1 Na3 39. Rc8 Rxc8 40. Qxc8+ Kg7 41. Qa6 Qd1+ 42. Kg2 Qd2 43. Nf4 Qxa2 44. Qb7 d4 45. e4 Nc2 46. Bxc2 Qxc2 47. Ne6+ Kh6 48. Qxf7 Qxe4+ 49. Kh2 Qe5 50. Kg2 d3 51. Qf8+ Bg7 52. Nxg7 Qxg7 53. Qxb4 Qe5 54. Qd2+ g5 55. Qxd3 Kg7 56. Qe3 Qd5+ 57. Qf3 Qe5 58. Qb7+ Kg6 59. Qc6+ Kg7 60. Qd7+ Kg6 61. Qd3+ Kg7 62. Qe3 Qd5+ 63. Qf3 Qe5 64. g4 Kg6 65. Qc6+ Kg7 66. Qd7+ Kg6 67. Qd3+ Kf6 68. Qxh7 Qd5+ 69. Kh2 Qd6+ 70. Kg2 Qd5+ 71. Kg3 Qb3+ 72. Kg2 Qd5+ 73. Kh2 Qd6+ 74. Kg1 Qd1+ 75. Kg2 Qd5+ 1/2-1/2

[Event "COL-ch U20 Girls"]
[Site "Barranquilla"]
[Date "2022.07.08"]
[Round "4"]
[White "Pinillo Canon, Silvana"]
[Black "Ruiz Jaraba, Valentina Sofia"]
[Result "0-1"]
[WhiteElo "1831"]
[BlackElo "1763"]
[PlyCount "74"]
[EventDate "2022.07.06"]
[EventType "swiss"]
[EventRounds "9"]
[EventCountry "COL"]
[SourceTitle "EXT 2023"]
[Source "ChessBase"]
[SourceDate "2022.10.05"]
[SourceVersion "1"]
[SourceVersionDate "2022.10.05"]
[SourceQuality "1"]

1. e4 c5 2. Nf3 a6 3. Nc3 b5 4. d4 cxd4 5. Nxd4 e6 6. Be2 Bb7 7. a3 Qc7 8. 0-0 Nf6 9. Qd3 d6 10. f4 Nbd7 11. Bf3 Be7 12. Kh1 0-0 13. Bd2 Rfd8 14. Qe2 g6 15. Rad1 e5 16. Nb3 Bf8 17. Bc1 Rac8 18. Qf2 Bg7 19. Rfe1 exf4 20. Bxf4 Ne5 21. Re2 Nc4 22. Bc1 Nxa3 23. e5 dxe5 24. Rxd8+ Rxd8 25. Bxb7 Qxb7 26. bxa3 e4 27. Bg5 Ng4 28. Qg3 Re8 29. h3 Nf6 30. Qe1 Nh5 31. Bh4 f5 32. Bf2 Be5 33. Nd4 Nf4 34. Rd2 e3 35. Bxe3 Bxd4 36. Nd1 Bxe3 37. Nxe3 Qe4 0-1

[Event "Pereira Gildardo Garcia Memorial-B"]
[Site "Pereira"]
[Date "2022.05.21"]
[Round "7"]
[White "Pinillo Canon, Silvana"]
[Black "Ruiz Jaraba, Valentina Sofia"]
[Result "1-0"]
[WhiteElo "1774"]
[BlackElo "1850"]
[PlyCount "55"]
[EventDate "2022.05.18"]
[EventType "swiss"]
[EventRounds "9"]
[EventCountry "COL"]
[SourceTitle "CBM 208 Extra"]
[Source "ChessBase"]
[SourceDate "2022.07.31"]
[SourceVersion "1"]
[SourceVersionDate "2022.07.31"]
[SourceQuality "1"]

1. e4 c5 2. Nf3 d6 3. Bb5+ Nd7 4. d4 cxd4 5. Qxd4 a6 6. Bxd7+ Bxd7 7. 0-0 e6 8. Nc3 Rc8 9. Bg5 Qc7 10. Rad1 Qc4 11. Qd2 Qb4 12. Be3 Be7 13. Bd4 Nf6 14. a3 Qa5 15. Rfe1 e5 16. Be3 h6 17. h3 0-0 18. Nd5 Qd8 19. Bb6 Qe8 20. Nxf6+ Bxf6 21. Qxd6 Ba4 22. b3 Rc6 23. Qb4 Be7 24. Qa5 Rxb6 25. Qxb6 Bc6 26. Nxe5 Bxa3 27. Nxc6 bxc6 28. Qxa6 1-0

[Event "Pereira Gildardo Garcia Memorial-B"]
[Site "Pereira"]
[Date "2022.05.20"]
[Round "4"]
[White "Franco, Jhonier"]
[Black "Pinillo Canon, Silvana"]
[Result "0-1"]
[WhiteElo "1911"]
[BlackElo "1774"]
[PlyCount "74"]
[EventDate "2022.05.18"]
[EventType "swiss"]
[EventRounds "9"]
[EventCountry "COL"]
[SourceTitle "CBM 208 Extra"]
[Source "ChessBase"]
[SourceDate "2022.07.31"]
[SourceVersion "1"]
[SourceVersionDate "2022.07.31"]
[SourceQuality "1"]

1. d4 d5 2. c4 e6 3. Bf4 Nf6 4. a3 Bd6 5. g3 c6 6. c5 Bc7 7. Nc3 Nbd7 8. Nf3 0-0 9. e3 Re8 10. Ne5 Nxe5 11. dxe5 Nd7 12. Qd4 b6 13. b4 a5 14. Rc1 Ba6 15. Bxa6 Rxa6 16. e4 Qb8 17. cxb6 Bxb6 18. Qd3 Ra8 19. 0-0 axb4 20. axb4 Bc7 21. exd5 cxd5 22. Nb5 Bxe5 23. Nc7 Bxf4 24. gxf4 Qxb4 25. Nxe8 Rxe8 26. Rc7 Nf6 27. Qe3 Nh5 28. f5 Qg4+ 29. Kh1 Qxf5 30. Rfc1 g6 31. Rc8 Rxc8 32. Rxc8+ Kg7 33. Qd4+ e5 34. Qc3 Nf4 35. f3 d4 36. Qc5 Qb1+ 37. Qc1 Qd3 0-1